Dark Souls 2 Prologue - Statistics

General Stats
  • This quiz has been taken 88 times
  • The average score is 65 of 140
Answer Stats
Answer % Correct
a
96%
A
96%
The
89%
the
89%
I
83%
in
77%
You
77%
you
77%
An
74%
be
74%
be.
74%
of
74%
Drangleic.
72%
curse.
70%
will
70%
and
68%
king
68%
it,
66%
it
66%
land.
60%
land,
60%
For
55%
is
53%
souls
53%
souls.
53%
your
53%
Your
53%
Hollow.
49%
kingdom.
49%
on
49%
they
47%
called
45%
Perhaps
45%
seen
45%
may
43%
No,
43%
that
43%
to
43%
cursed.
40%
dream.
40%
flame.
40%
maybe
40%
you've
40%
fate.
38%
fate
38%
great
38%
one
38%
then,
38%
gate.
36%
Long
36%
lose
36%
why...
36%
believe
34%
forgotten
34%
have
34%
it's
34%
before
32%
even
32%
everything.
32%
how
32%
stand
32%
But
30%
could
30%
decrepit
30%
far
30%
human.
30%
knowing
30%
light.
30%
Like
30%
moth
30%
Without
30%
ago,
28%
built
28%
By
28%
day,
28%
mind.
28%
where
28%
darkness.
26%
murky,
26%
Once
26%
really
26%
won't
26%
feeds
23%
past.
23%
than
23%
you'll
23%
you're
23%
branded.
21%
care.
21%
familiar.
21%
north,
21%
place
21%
thing
21%
Time
21%
time.
21%
very
21%
ailing
19%
augur
19%
drawn
19%
future.
19%
mend
19%
something
19%
meaning,
17%
None
17%
off
17%
other
17%
after
15%
anguish.
15%
burn
15%
symbol
15%
wings
15%
walled
13%
No matching quizzes found
Score Distribution
Percent of People with Each Score
Percentile by Number Answered
Your Score History
You have not taken this quiz